Southville International School and Colleges
Your cart is empty.
  • Cart
  • Lists
    Public lists Eva Luna New books Lux_list list_1
    Your lists Log in to create your own lists
  • Log in to your account
  • Your cookies
  • Search history
Southville International School and Colleges
  • Advanced search
  • Recent comments
  • Most popular
  • Libraries

Log in to your account

Log in with GOOGLE


If you do not have an external account, but do have a local account, you can still log in:

  1. Home
  2. MARC view: Ang Pulang unano :
Normal view MARC view ISBD view

Ang Pulang unano : (Record no. 293545)

[ view plain ]
MARC details
000 -LEADER
fixed length control field 00753nam a2200229Ia 4500
008 - FIXED-LENGTH DATA ELEMENTS--GENERAL INFORMATION
fixed length control field 160418s9999 xx 000 0 und d
020 ## - INTERNATIONAL STANDARD BOOK NUMBER
International Standard Book Number 971-19-0208-7
050 ## - LIBRARY OF CONGRESS CALL NUMBER
Classification number FIL PQ 1262
050 ## - LIBRARY OF CONGRESS CALL NUMBER
Item number .P85 1996
245 ## - TITLE STATEMENT
Title Ang Pulang unano :
245 ## - TITLE STATEMENT
Remainder of title at iba pang mga kuwentong pranses /
245 ## - TITLE STATEMENT
Statement of responsibility, etc Mariette Condroyer… [et al]; lupon ng tagapagsalin, Randy M. Bustamante… [et al]; pinili ang mga kuwento ni Jean-Marie Laclavetine.
260 ## - PUBLICATION, DISTRIBUTION, ETC. (IMPRINT)
Place of publication, distribution, etc Manila :
260 ## - PUBLICATION, DISTRIBUTION, ETC. (IMPRINT)
Name of publisher, distributor, etc Cacho Pub. House
260 ## - PUBLICATION, DISTRIBUTION, ETC. (IMPRINT)
Date of publication, distribution, etc 1996
300 ## - PHYSICAL DESCRIPTION
Extent 134 pages :
300 ## - PHYSICAL DESCRIPTION
Other physical details illustrations ;
300 ## - PHYSICAL DESCRIPTION
Dimensions 22 cm.
440 ## - SERIES STATEMENT/ADDED ENTRY--TITLE
Title Salin translation series
650 ## - SUBJECT ADDED ENTRY--TOPICAL TERM
Topical term or geographic name as entry element French fiction -- Collected works -- Translations into Tagalog.
650 ## - SUBJECT ADDED ENTRY--TOPICAL TERM
General subdivision French literature.
Holdings
Withdrawn status Lost status Damaged status Home library Current library Shelving location Date acquired Cost, normal purchase price Total Checkouts Full call number Barcode Date last seen Price effective from Koha item type
      South Mansfield College South Mansfield College Filipiniana Section 03/07/2005 160.00   FIL PQ 1262 .P85 1996 SMC01592 04/18/2016 04/18/2016  

Ang Pulang unano :

APA

Ang Pulang unano. Manila: .

Chicago

Ang Pulang unano. Manila: .

Harvard

Ang Pulang unano. Manila: .

MLA

Manila: . .

  • Place hold
  • Print
  • Cite
  • Add to your cart (remove)
  • Save record
    BIBTEX Dublin Core MARCXML MARC (non-Unicode/MARC-8) MARC (Unicode/UTF-8) MARC (Unicode/UTF-8, Standard) MODS (XML) RIS
  • More searches
    Search for this title in:
    Other Libraries (WorldCat) Other Databases (Google Scholar) Online Stores (Bookfinder.com) Open Library (openlibrary.org)

Exporting to Dublin Core...

SOUTHVILLE LIBRARY

Southville International School and Colleges Library

1281 Tropical Ave. Cor. Luxembourg St., BF Homes International, Las Pinas City

Tel. No. 8256374 / 252358 Loc. 117/146

Powered by Koha